000 00541nam a2200193Ia 4500
003 GCL
008 140319s9999 xx 000 0 ara d
040 _aGCL /
_cGCL
082 0 4 _a224
_bم ا
100 1 _aمهدى السماوى
245 1 0 _aالامامة فى ضوء الكتاب و السنة الجزء الاول /
_cمهدى السماوى
300 _a299 ص
490 _a
650 0 4 _aصحيح مسلم
650 0 4 _aالامامة
650 0 4 _aصحيح البخارى
650 0 4 _aالطائفية
942 _2ddc
_cBK
999 _c40612
_d40612